000 00474nam a2200157Ia 4500
008 130320s9999 xx 000 0 und d
100 _aAbhijith Anil Jognand
245 _aUnified Modelling Language (UML) tool in Java TM
502 _bPGDIT
_dINT
_eElizabeth Sherly
_fRachel Alex (US Software Pvt. Ltd.)
_gUS Software Pvt. Ltd,Thiruvananthapuram
650 _aAPI
650 _aJAVA
650 _aVB
650 _aUML
700 _aAjith Mathew
700 _aResmi R Nair
999 _c2589
_d2589